| 000 | 00775cam a2200289 i 4500 | ||
|---|---|---|---|
| 001 | 16742 | ||
| 003 | DO-SdUEMH | ||
| 005 | 20251230171054.0 | ||
| 007 | ta | ||
| 008 | 211105s2000 mx a|||gri||| 001 0 spa|d | ||
| 020 | _a9701028821 | ||
| 040 |
_aDO-SdUEMH _bspa _erda |
||
| 041 |
_aspa _heng |
||
| 082 | 1 | 4 |
_mCG _a174.2 R762E 2000 _beR936 |
| 084 | _b10-00271 | ||
| 100 |
_aRumbold, Graham _eaut |
||
| 245 | 1 | 0 |
_aÉtica en Enfermería / _cGraham Rumbold |
| 250 | _aTercera edición | ||
| 260 | _c2000 | ||
| 264 | 0 | 1 |
_aMexico, D.F. : _bMcgraw-hill, _c2000 |
| 300 |
_aviii, 231 paginas : _bIlustraciones ; _c20 cm |
||
| 336 |
_2rdacontent _atexto _btxt |
||
| 337 |
_2rdamedia _asin mediación _bn |
||
| 338 |
_2rdacarrier _avolumen _bnc |
||
| 942 |
_2ddc _cBK _n0 |
||
| 999 |
_c16742 _d16742 |
||